Từ điển tác gia văn học và sân khấu nước ngoài (Có thêm triết gia quan trọng) /
সংরক্ষণ করুন:
| অন্যান্য লেখক: | , , |
|---|---|
| বিন্যাস: | Sách giấy |
| ভাষা: | Vietnamese |
| প্রকাশিত: |
Hà Nội :
Văn hoá,
1982
|
| ট্যাগগুলো: |
ট্যাগ যুক্ত করুন
কোনো ট্যাগ নেই, প্রথমজন হিসাবে ট্যাগ করুন!
|
| Thư viện lưu trữ: | Thư viện Trường Đại học Đà Lạt |
|---|
| LEADER | 00733nam a2200277 4500 | ||
|---|---|---|---|
| 001 | DLU020018090 | ||
| 005 | ##5/23/2001 | ||
| 020 | # | # | |a 978- |
| 041 | # | # | |a vie |
| 082 | # | # | |a 920.003 |b Tud |
| 245 | # | # | |a Từ điển tác gia văn học và sân khấu nước ngoài (Có thêm triết gia quan trọng) / |c Hữu Ngọc, Hoàng Anh, Nguyễn Đình Nam, ... |
| 260 | # | # | |a Hà Nội : |b Văn hoá, |c 1982 |
| 300 | # | # | |a 552 tr.; |c 27 cm. |
| 700 | # | # | |a Hữu Ngọc |
| 700 | # | # | |a Hoàng Anh |
| 700 | # | # | |a Nguyễn Đình Nam |
| 992 | # | # | |a 2625 |
| 994 | # | # | |a DLU |
| 998 | # | # | |a TK |
| 900 | # | # | |a False |
| 911 | # | # | |a Administrator |
| 925 | # | # | |a G |
| 926 | # | # | |a A |
| 927 | # | # | |a SH |
| 980 | # | # | |a Thư viện Trường Đại học Đà Lạt |